Büyük zaferden sonra Mudanya Mütarekesi ve Lozan Antlaşması: (Record no. 14357)

MARC details
000 -BAŞLIK
Sabit Uzunlukta Kontrol Alanı 00906nam a22002537a 4500
999 ## - SİSTEM KONTROL NUMARALARI (KOHA)
Koha Biblionumber 14357
Koha Biblioitemnumber 14357
003 - KONTROL NUMARASI IDENTIFIER
Denetim Alanı MIRAKIL
005 - SON İŞLEM TARİHİ VE ZAMANI
Denetim Alanı 20210331150341.0
008 - SABİT-BOY VERİ ELEMANLARI - GENEL BİLGİLER
Sabit Uzunlukta Kontrol Alanı 210331b tu ||||| |||| 00| 0 tur d
040 ## - KATALOGLAMA KAYNAK
Orijinal Kataloglama Ajansı TR-AnCHP
Metne Dönüştürmek Ajansı TR-AnCHP
041 ## - DİL KODU
Metin / Ses Parça Veya Ayrı Başlığın Dil Kodu tur
082 ## - DEWEY ONLU SINIFLANDIRMA NUMARASI
Sınıflandırma Numarası 923.1561
Ürün Numarası İ57b 1998
100 1# - ANA GİRİŞ - KİŞİSEL İSİM
Kişisel Ad İnönü, İsmet
245 10 - BAŞLIK TABLOSU
Başlık Büyük zaferden sonra Mudanya Mütarekesi ve Lozan Antlaşması:
Başlığın Kalan İsmet İnönü'nün hatıraları/
Sorumluluk Tablosu, Vb İsmet İnönü
246 ## - UNVAN FORM VARYING
Başlık Doğru / Kısa Başlığı İsmet İnönü'nün hatıraları
260 ## - YAYIN, DAĞITIM, VB
Yayın, Dağıtım, Vb Yeri [İstanbul]:
Yayıncı, Dağıtıcı, Vs Adı Yenigün Haber Ajansı,
Yayın, Dağıtım, Vb Tarihi 1998.
300 ## - FİZİKSEL TANIM
Kapsam 125 s.:
Diğer Fiziksel Ayrıntıları fotg.;
Boyutlar 18 sm.
600 14 - KONU KATMA GİRİŞ - KURUMSAL ADI
9 (RLIN) 1800
Kişisel Ad İnönü, İsmet
Bir Adıyla İlişkilendirilen Tarihler 1884-1973
Genel Alt Bölümü yaşamöyküsü
650 #0 - KONU KATMA GİRİŞ - TOPİKAL DÖNEM
9 (RLIN) 5965
Topikal Süreli Veya Coğrafi Ad Giriş Elemanı Lozan Antlaşması
Kronolojik Alt Bölümü 24 Temmuz 1923
650 #0 - KONU KATMA GİRİŞ - TOPİKAL DÖNEM
9 (RLIN) 4
Topikal Süreli Veya Coğrafi Ad Giriş Elemanı Türkiye
Genel Alt Bölümü Uluslararası ilişkiler
-- Anlaşmalar
650 #4 - KONU KATMA GİRİŞ - TOPİKAL DÖNEM
9 (RLIN) 1099
Topikal Süreli Veya Coğrafi Ad Giriş Elemanı Tarih
Genel Alt Bölümü Türkiye
Kronolojik Alt Bölümü 1922-1923
740 ## - KATMA GİRİŞ - KONTROLSUZ İLGİLİ / ANALİTİK BAŞLIK
Kontrol Edilmeyen / İlgili Analitik Başlıktaki İsmet İnönü'nün hatıraları
942 ## - EKLENDİ GİRİŞ ELEMANLARI (KOHA)
Sınıflandırma Veya Raf Düzeni Kaynak Dewey Decimal Classification
Koha Öğesi Türü Books
999 ## - SİSTEM KONTROL NUMARALARI (KOHA)
Koha Biblioitemnumber 13477
Holdings
Kalıcı Konum Mevcut Konum Edinme Tarihi Toplam Check-Out'Lar Tam Çağrı Numarası Barkod Tarih Son Görülme İtibaren Geçerli Fiyatlar Sigara Kamu Notu Koha Öğesi Türü
CHP Kütüphanesi CHP Kütüphanesi 03/31/2021   923.1561 İ57b 1998 019844 03/31/2021 03/31/2021 Emine Başak Alkan Bağışıdır. Books